<?xml version="1.0" encoding="UTF-8"?>
<collection xmlns="http://www.loc.gov/MARC21/slim">
 <record>
  <leader>01812nam a2200313   4500</leader>
  <controlfield tag="001">DLU200194230</controlfield>
  <controlfield tag="005">##20200103</controlfield>
  <datafield tag="020" ind1="#" ind2="#">
   <subfield code="a">9786045964224</subfield>
  </datafield>
  <datafield tag="040" ind1="#" ind2="#">
   <subfield code="a">DLU</subfield>
   <subfield code="b">vie</subfield>
  </datafield>
  <datafield tag="041" ind1="#" ind2="#">
   <subfield code="a">vie</subfield>
  </datafield>
  <datafield tag="044" ind1="#" ind2="#">
   <subfield code="a">vn</subfield>
  </datafield>
  <datafield tag="082" ind1="#" ind2="#">
   <subfield code="a">346.597</subfield>
   <subfield code="b">TA-T</subfield>
  </datafield>
  <datafield tag="100" ind1="#" ind2="#">
   <subfield code="a">Tạ Đình Tuyên,</subfield>
   <subfield code="c">ThS.</subfield>
  </datafield>
  <datafield tag="245" ind1="#" ind2="#">
   <subfield code="a">So sánh Bộ luật tố tụng dân sự năm 2004 (sửa đổi, bổ sung năm 2011) và Bộ luật tố tụng dân sự năm 2015 /</subfield>
   <subfield code="c">Tạ Đình Tuyên.</subfield>
  </datafield>
  <datafield tag="260" ind1="#" ind2="#">
   <subfield code="a">H. :</subfield>
   <subfield code="b">Lao động,</subfield>
   <subfield code="c">2016.</subfield>
  </datafield>
  <datafield tag="300" ind1="#" ind2="#">
   <subfield code="a">655 tr. ;</subfield>
   <subfield code="c">24 cm.</subfield>
  </datafield>
  <datafield tag="505" ind1="#" ind2="#">
   <subfield code="a">Phần thứ nhất. Những quy định chung -- Phần thứ hai. Thủ tục giải quyết vụ án tại tòa án cấp sơ thẩm -- Phần thứ ba. Thủ tục giải quyết vụ án tại tòa án cấp phúc thẩm -- Phần thứ tư. Giải quyết vụ án dân sự theo thủ tục rút gọn -- Phần thứ năm. Thủ tục xét lại bản án, quyết định đã có hiệu lực pháp luật -- Phần thứ sáu. Thủ tục giải quyết việc dân sự -- Phần thứ bảy. So sánh Bộ luật tố tụng dân sự năm 2004 (sửa đổi, bổ sung năm 2011) và Bộ luật tố tụng dân sự năm 2015 -- Phần thứ tám. Thủ tục giải quyết vụ việc dân sự có yếu tố nước ngoài -- Phần thứ chín. Thi hành bản án, quyết định dân sự của tòa án -- Phần thứ mười. Xử lý hành vi cản trở hoạt động tố tụng dân sự; khiếu nại, tố cáo trong tố tụng dân sự.</subfield>
  </datafield>
  <datafield tag="650" ind1="#" ind2="#">
   <subfield code="a">Tố tụng dân sự</subfield>
   <subfield code="z">Việt Nam.</subfield>
  </datafield>
  <datafield tag="923" ind1="#" ind2="#">
   <subfield code="a">07/2019</subfield>
  </datafield>
  <datafield tag="991" ind1="#" ind2="#">
   <subfield code="a">SH</subfield>
  </datafield>
  <datafield tag="992" ind1="#" ind2="#">
   <subfield code="a">300000</subfield>
  </datafield>
  <datafield tag="994" ind1="#" ind2="#">
   <subfield code="a">DLU</subfield>
  </datafield>
  <datafield tag="900" ind1="#" ind2="#">
   <subfield code="a">True</subfield>
  </datafield>
  <datafield tag="911" ind1="#" ind2="#">
   <subfield code="a">Nguyễn Thanh Hương</subfield>
  </datafield>
  <datafield tag="925" ind1="#" ind2="#">
   <subfield code="a">G</subfield>
  </datafield>
  <datafield tag="926" ind1="#" ind2="#">
   <subfield code="a">A</subfield>
  </datafield>
  <datafield tag="927" ind1="#" ind2="#">
   <subfield code="a">SH</subfield>
  </datafield>
  <datafield tag="980" ind1="#" ind2="#">
   <subfield code="a">Thư viện Trường Đại học Đà Lạt</subfield>
  </datafield>
 </record>
</collection>
